Deep Sea Creature by Picture - Statistics

General Stats
  • This quiz has been taken 77 times
  • The average score is 8 of 16
Answer Stats
Picture Answer % Correct
Humpback {Anglerfish}
94%
{Japanese} {Spider} Crab
87%
{Pelican} Eel
76%
{Dumbo} Octopus
75%
{Vampire} Squid
73%
Giant {Isopod}
71%
Blobfish
56%
{Frilled} Shark
52%
Giant {Oarfish}
52%
Pacific {Viperfish}
44%
Common {Fangtooth}
35%
Warty {Comb} {Jelly}
35%
{Bluntnose} {Sixgill} Shark
29%
Giant {Siphonophore}
29%
Giant {Cusk}-{Eel}
19%
{Squat} Lobster
19%
No matching quizzes found
Score Distribution
Percent of People with Each Score
Percentile by Number Answered
Your Score History
You have not taken this quiz